| 000 | 00365nam a22001337a 4500 | ||
|---|---|---|---|
| 020 | _a978-1-0718-0806-1 | ||
| 082 | _a658 | ||
| 100 | _aLussier, Robert N. | ||
| 245 |
_aManagement Fundamentals: _bConcepts, Applications, and Skills Development |
||
| 250 | _a9th | ||
| 260 |
_aLondon: _bSAGE Publications, _c2021 |
||
| 300 | _axxxii, 666p.: ill.; 28cm | ||
| 942 | _cBK | ||
| 999 |
_c22189 _d22189 |
||